• 首页
  • 本馆介绍
  • 公告通知
  • 最新文献
  • 馆藏检索
  • 电子资源
  • 读者导购
  • 参考咨询
  • 我的图书馆
  • 登录
  • 详细信息显示
  • 放入我的书架
  • 预约/预借图书
  • 作者相关作品
  • 分类相关作品
  • 丛书相关作品
  • 出版社相关作品

书目信息

  • 表格格式
  • 工作单格式
  • 卡片格式
题名:
劳动工作基本知识
    
 
作者: 陈平 著 ;袁伦渠 著
分册:  
出版信息: 北京   劳动出版社  1982
页数: 203页
开本: 19cm
丛书名:
单 册:
中图分类: F24
科图分类:
主题词: 劳动经济--基本知识
电子资源:
ISBN:
000 00646nam0 2200241 45
001 0182008163
005 20060728145424.48
010    @dCNY0.75
091    @aCN@b4238.0024
100    @a19950602d1982 em y0chiy0121 ea
101 0  @achi
102    @aCN@b110000
105    @ay z 000yy
200 10 @a劳动工作基本知识@Alao dong gong zuo ji ben zhi shi@f陈平,袁伦渠著
210    @a北京@c劳动出版社@d1982
215    @a203页@d19cm
606    @a劳动经济@x基本知识
690    @aF24@v3
701  0 @a陈平@Achen ping@4著
702  0 @a袁伦渠@Ayuan lun qu@4著
801  0 @aCN@bTSSF@c20060728
801  2 @aCN@bNLC@c20060722
905    @a10447@dF24@e32
    
    劳动工作基本知识/陈平,袁伦渠著.-北京:劳动出版社,1982
    203页;19cm
    
    
    ISBN :CNY0.75
    
●
相关链接 在E读中查询图书 在五车中查询图书 在当当中查询图书 在豆瓣中查询图书


正题名:劳动工作基本知识     索取号:F24/32         预约/预借

序号 登录号 条形码 馆藏地/架位号 状态 备注
1 0425556   204255563   密集书库/ [索取号:F24/32] 在馆    
2 0425580   204255803   密集书库/ [索取号:F24/32] 在馆    
3 0440446   204404466   密集书库/ [索取号:F24/32] 在馆    
唐山师范学院图书馆 欢迎您!
大连网信软件有限公司© 版权所有